NLSUI OPAC header image

Robert Nixon and Police Torture in Chicago, 1871-1971 / (Record no. 111801)

MARC details
000 -LEADER
fixed length control field 01010cam a2200205 i 4500
001 - CONTROL NUMBER
control field 18981847
005 - DATE AND TIME OF LATEST TRANSACTION
control field 20260121051249.0
008 - FIXED-LENGTH DATA ELEMENTS--GENERAL INFORMATION
fixed length control field 160219s2016 ilua b 001 0 eng
020 ## - INTERNATIONAL STANDARD BOOK NUMBER
International Standard Book Number 9780875807393
Qualifying information (hbk.)
082 ## - DEWEY DECIMAL CLASSIFICATION NUMBER
Classification number 363.232 DAL
100 1# - MAIN ENTRY--PERSONAL NAME
Personal name Dale, Elizabeth
245 10 - TITLE STATEMENT
Title Robert Nixon and Police Torture in Chicago, 1871-1971 /
Statement of responsibility, etc. Elizabeth Dale.
264 #1 - PRODUCTION, PUBLICATION, DISTRIBUTION, MANUFACTURE, AND COPYRIGHT NOTICE
Place of production, publication, distribution, manufacture DeKalb :
Name of producer, publisher, distributor, manufacturer North Illinois University Press,
Date of production, publication, distribution, manufacture, or copyright notice 2016.
300 ## - PHYSICAL DESCRIPTION
Extent 151 p. :
Other physical details ill. ;
Dimensions 23 cm.
505 ## - FORMATTED CONTENTS NOTE
Formatted contents note Introduction: Police Torture in Chicago before Jon Burge 1 Chapter 1 Police Torture in Chicago, 1871-1936 5 Chapter 2 Murder in Black and White 28 Chapter 3 On Trial 53 Chapter 4 Appeal 83 Chapter 5 Patterns and Practice, 1936-1971 102 Conclusion: The Burden of Proof 121 Notes 125 Selected Bibliography 141 Index 147 Acknowledgments 153
650 #0 - SUBJECT ADDED ENTRY--TOPICAL TERM
Topical term or geographic name entry element Police brutality
Geographic subdivision Illinois
-- Chicago
General subdivision History.
650 #0 - SUBJECT ADDED ENTRY--TOPICAL TERM
Topical term or geographic name entry element Police misconduct
Geographic subdivision Illinois
-- Chicago
General subdivision History.
650 #0 - SUBJECT ADDED ENTRY--TOPICAL TERM
Topical term or geographic name entry element Torture
Geographic subdivision Illinois
-- Chicago
General subdivision History.
942 ## - ADDED ENTRY ELEMENTS (KOHA)
Source of classification or shelving scheme Dewey Decimal Classification
Koha item type BOOKs
Holdings
Withdrawn status Lost status Damaged status Not for loan Collection code Home library Current library Shelving location Date acquired Cost, normal purchase price Total Checkouts Full call number Barcode Date last seen Price effective from Koha item type
          . .   05.11.2018 0.00   363.232 DAL 35307 05.11.2018 05.11.2018 BOOKs